1458 1355 1988 1471 1826 1192 1297 1768 1740 1256 1076 1013 1521 1353 1340 1009 1892 1589 1813 1980 1260 1878 1644 1819 1056 1197 1246 1843 1938 1495 1073 1075 1869 1843 1724 1320 1994 1542 1843 1020 1436 1031 1428 1450 1070 1642 1448 1108 1381 2000 1773 1088 1517 1404 1991 1259 1643 1108 1165 1436 1502 1379 1795 1268 1438 1281 1587 1979 2000 1464 1808 1416 1014 1522 1082 1415 1035 1534 1282 1007 1069 1932 1658 1760 1293 1647 1946 1552 1587 1139 1031 1253 1349 1899 1590 1351 1194 1315 1193 BCNSPRNW ULIB Ver.6.0+V

เปลี่ยนเป็นภาษาไทย

Change to English
 แสดงรายละเอียดบรรณานุกรม
  กลับหน้าหลัก

Brief Record : Get Marc (ISO 2709) : E-mail record : QR code < ปิดหน้าต่าง
LEADER : 00000nam 2200000uu 4500
001    13399127471
003     ULIB
008    200604s2016||||th 000 0 tha d
020    ^a9781506256405 (pbk.)
050  4 ^aPE1128^bL887Bs
100 1  ^aLougheed, Lin,^d1946-
245 10 ^aBarron s IELTS :^bstrategies and tips /^cLin Lougheed
246 30 ^aInternational English Language Testing System strategiesand tips
246 30 ^aIELTS strategies and tips
250    ^a2nd ed.
260    ^aHauppauge, N.Y. :^bBarron s Educational Series,^c2016
300    ^av, 285 p. :^bill. ;^c28 cm. +^e1 CD-ROM
505 0  ^aIELTS listening module -- IELTS reading module -- IELTSwriting module -- IELTS speaking module.
520    ^aThis book offers test-takers a range of strategies forchoosing the best methods for answering questions, alongwith useful tips that help them make choices quickly andefficiently. Together, these tips and strategies will giveprospective test-takers a plan for success on each moduleof the exam.
650  0 ^aInternational English Language Testing System^vStudyguides
650  0 ^aEnglish language^vTextbooks for foreign speakers
650  0 ^aEnglish language^xExaminations^vStudy guides
653    ^aIELTS
945    ^p0^l0^i28377
999    ^aกัณชพร จุลอักษร
รายการนี้ยังไม่มีแท็ก
คุณยังไม่ได้ล็อกอิน คุณสามารถมีกิจกรรมร่วมกับเว็บไซต์ได้ แต่ต้องล็อกอินก่อน ::
  ล็อกอิน

รายการสื่อสารสนเทศ

ลำดับที่ ประเภท เลขเรียก/บาร์โค้ด สถานที่ สถานะ
1. วิทยาศาสตร์การแพทย์ และสุขภาพ
วิทยาศาสตร์การแพทย์ และสุขภาพ
PE1128 L887Bs ฉ.1 
  Barcode: 28377
ห้องสมุดวิทยาเขตนครสวรรค์
►หนังสือทั่วไป:l:General Books
บนชั้น

BibComment


ยังไม่เคยถูกคอมเมนท์

คอมเมนท์ทรัพยากรรายการนี้
  คอมเมนท์: Barron s IELTS ..


 Copyright 2026. Bcnsprnw @Library